Lafayette in America

Furkejuvvon:
Bibliográfalaš dieđut
Váldodahkki: Maurois, André (autor)
Materiálatiipa: Girji
Giella:eaŋgalasgiella
Almmustuhtton: Nueva York The New American Library 1965
Fáttát:
Fáddágilkorat: Lasit fáddágilkoriid
Eai fáddágilkorat, Lasit vuosttaš fáddágilkora!

MARC

LEADER 00000nam a2200000 a 4500
001 UCI4313
003 CL-VaPUC
008 080111e19650000US |||||||||||||||||eng|d
082 0 4 |a 928.1  |b MAU  |2 21 
100 |a Maurois, André  |e autor  |9 342508 
245 1 0 |a Lafayette in America 
300 |a 96 p 
942 |c BK 
945 |d 20080111 00:00:00  |a rbrito 
260 |a Nueva York  |b The New American Library  |c 1965 
500 |a Donación Padres Capuchinos 
600 0 7 |a LAFAYETTE, MARIA JOSE  |2 CL-VaPUC  |9 526135 
650 0 |a Biografías  |9 255210 
650 7 |a INDEPENDENCIA DE LOS ESTADOS UNIDOS  |2 CL-VaPUC  |9 526136 
651 0 |a Estados Unidos  |9 255178 
583 |a last modification  |c 20080111 00:00:00  |k Rodrigo Vera 
999 |c 328269  |d 328267 
952 |0 0  |1 0  |4 0  |6 928_100000000000000_MAU_1965  |7 0  |8 X  |9 412075  |a FDOBUD  |b FDOBUD  |d 2019-11-22  |i 4400879  |o 928.1 MAU 1965  |p 4400879  |r 2019-11-22  |w 2019-11-22  |y BK_X  |k BUD